000 00468nam a22001937a 4500
003 MPLRDC
005 20220104142415.0
008 210129b ||||| |||| 00| 0 eng d
020 _a962-357-824-5
082 _a857.7 LGD v.1 c.2
100 _a利国栋
245 _a999 结婚大纪念. 上
_c
250 _a初版
260 _a
_b明窗出版社
_c1996
300 _b
490 _a小说系列
650 _a长篇小说
942 _cBK
_o857.7 LGD v.1 c.2
999 _c30655
_d30645